Sex and internal secretions ; a survey of recent research ... /

Bibliographic Details
Main Author: Allen, Edgar, 1892-1943
Corporate Author: National Research Council (U.S.). Division of Medical Sciences
Format: Book
Language:English
Published: Baltimore : The Williams & Wilkins company, [1932]
Subjects:

MARC

Tag First Indicator Second Indicator Subfields
LEADER 00000cam a2200000 4500
001 in00000048594
005 20151007073537.0
008 760809s1932 mdua b 00010 eng
010 |a  32035481  
035 |a (OCoLC)02361606 
035 |9 AAE9913AM 
040 |a DLC  |c TOL  |d TXA  |d UtOrBLW 
049 |a TXAM  |c [50030] 
050 0 0 |a QP251  |b .A63 
082 0 |a 577.842 
092 |a 577.842  |b A425s 
100 1 |a Allen, Edgar,  |d 1892-1943. 
245 1 0 |a Sex and internal secretions ;  |b a survey of recent research ... /  |c edited by Edgar Allen ... with a foreword by Robert M. Yerkes. 
264 1 |a Baltimore :  |b The Williams & Wilkins company,  |c [1932] 
264 4 |c ©1932 
300 |a xxii, 951 pages, 4 unnumbered pages :  |b illustrations, diagrams ;  |c 24 cm. 
336 |a text  |b txt  |2 rdacontent 
337 |a unmediated  |b n  |2 rdamedia 
338 |a volume  |b nc  |2 rdacarrier 
500 |a Contributions from American investigators selected by the Committee for research in problems of sex of the Division of medical sciences, National research council. cf. Pref. 
504 |a Bibliography at end of each chapter. 
650 0 |a Sex (Biology) 
650 0 |a Endocrinology. 
710 2 |a National Research Council (U.S.).  |b Division of Medical Sciences. 
999 |a MARS 
999 f f |s d6b71f0e-8b73-3d85-8875-134a210a5965  |i e24d92c8-2ece-3004-a6ac-05044dd9ba52  |t 0 
952 f f |p ric  |a Texas A&M University  |b Rellis Campus  |c Joint Library Facility  |d Remote Storage  |t 0  |e QP251 .A63  |h Library of Congress classification  |i unmediated -- volume  |m A14800981805 
998 f f |a QP251 .A63  |t 0  |l Remote Storage